Statistics for County Seats of South Dakota

Click here to take the quiz!

General Stats

  • This quiz has been taken 186 times
  • The average score is 26 of 66

Answer Stats

CountyCounty Seat% Correct
HughesPierre
91%
PenningtonRapid City
87%
BrookingsBrookings
78%
MinnehahaSioux Falls
78%
BrownAberdeen
70%
CodingtonWatertown
70%
YanktonYankton
70%
MeadeSturgis
63%
DavisonMitchell
61%
CusterCuster
60%
ClayVermillion
60%
BeadleHuron
57%
HardingBuffalo
52%
BruleChamberlain
52%
Fall RiverHot Springs
52%
LakeMadison
49%
ButteBelle Fourche
48%
LawrenceDeadwood
48%
StanleyFort Pierre
48%
LincolnCanton
46%
ClarkClark
46%
RobertsSisseton
45%
TrippWinner
42%
KingsburyDe Smet
40%
MoodyFlandreau
40%
PerkinsBison
39%
JonesMurdo
39%
GrantMilbank
37%
JerauldWessington Springs
37%
McCookSalem
36%
DayWebster
36%
Charles MixLake Andes
34%
HandMiller
34%
UnionElk Point
33%
AuroraPlankinton
33%
DeuelClear Lake
31%
BuffaloGann Valley
31%
MinerHoward
31%
TurnerParker
31%
HaakonPhilip
30%
SpinkRedfield
30%
MelletteWhite River
30%
SanbornWoonsocket
30%
PotterGettysburg
28%
JacksonKadoka
28%
WalworthSelby
28%
HansonAlexandria
27%
MarshallBritton
27%
FaulkFaulkton
27%
HamlinHayti
27%
HydeHighmore
27%
BennettMartin
27%
ZiebachDupree
25%
LymanKennebec
25%
Oglala Lakotanone
25%
Toddnone
25%
EdmundsIpswich
24%
Bon HommeTyndall
24%
CorsonMcIntosh
22%
SullyOnida
22%
DouglasArmour
21%
HutchinsonOlivet
21%
DeweyTimber Lake
21%
GregoryBurke
19%
McPhersonLeola
18%
CampbellMound City
15%

Score Distribution

Percentile by Number Answered

Percent of People with Each Score

Your Score History

You have not taken this quiz